000 00729nam a2200193 4500
001 121092
003 ES-MaACL
005 20230906191703.0
007 t|
008 070214q1950 sp r ||||1| spa d
100 1 _aPrescott, Samuel Cate.
_993777
245 1 0 _aMicrobiología industrial /
_cSamuel Cate Prescott y Cecil Gordon Dunn ; versión española de Joaquín Ocón ; revisión, prólogo y apéndices III y IV por Vicente Villar Palasí.
260 _aMadrid :
_bAguilar,
_c[1950?]
300 _aXXIV, 623 p. :
_bil. ;
_c22 cm +
_e2 h. pleg.
700 1 _aDunn, Cecil Gordon.
_946053
700 0 _aOcón García, Joaquín.
_986506
700 1 _aVillar Palasí, Vicente.
_9115099
852 _aES-MaACL
_jD-5257
_bR.30624
999 _c121092
_d121092